Statistics for PLL Lacrosse Teams Quiz

Click here to take the quiz!

General Stats

  • This quiz has been taken 361 times
  • The average score is 7 of 8

Answer Stats

Team Name% Correct
Archers
89%
Chaos
88%
Waterdogs
88%
Redwoods
87%
Atlas
86%
Chrome
85%
Cannons
84%
Whipsnakes
81%

Score Distribution

Percentile by Number Answered

Percent of People with Each Score

Your Score History

You have not taken this quiz